00445nam a22001697a 4500008004100000040001800041041000800059100001700067245005000084250001100134260004800145300001800193650001100211650001900222650002300241651001100264130821s1884 fr gr fre  aCo-BoUCMbspa00afre aDecharme, P.00aMythologie de la Grèce antiquecP. Decharme a4a. ed aParís (Francia)bEd. Garnier Freresc1884 a693 páginas04aDioses04aDioseszGrecia04aMitología griega aGrecia